Impacto del Plan Garantizado de Salud con prima comunitaria única en la demanda del seguro privado de salud en Chile (Registro nro. 34771)

Detalles MARC
000 -LEADER
fixed length control field 00487 a2200145 4500
001 - CONTROL NUMBER
control field ART_46694
005 - DATE AND TIME OF LATEST TRANSACTION
control field 20260410162040.0
008 - FIXED-LENGTH DATA ELEMENTS--GENERAL INFORMATION
fixed length control field 260409a
100 1# - MAIN ENTRY--PERSONAL NAME
Personal name Bitran, Eduardo
245 10 - TITLE STATEMENT
Title Impacto del Plan Garantizado de Salud con prima comunitaria única en la demanda del seguro privado de salud en Chile
700 1# - ADDED ENTRY--PERSONAL NAME
Personal name Duarte, Fabián
700 1# - ADDED ENTRY--PERSONAL NAME
Personal name Fernandes, Dalila
700 1# - ADDED ENTRY--PERSONAL NAME
Personal name Villena, Marcelo
773 0# - HOST ITEM ENTRY
Title Revista Cepal
Related parts - Nº 123 (dic. 2017)
Record control number REV45125

No hay ítems disponibles.